10 thế kỉ bàn luận về văn chương :T.2 (Từ thế kỉ X đến nửa đầu thế kỉ XX)

שמור ב:
מידע ביבליוגרפי
פורמט: ספר
שפה:Undetermined
יצא לאור: Hà Nội Giáo dục 2007
נושאים:
תגים: הוספת תג
אין תגיות, היה/י הראשונ/ה לתייג את הרשומה!
Thư viện lưu trữ: Trung tâm Học liệu Trường Đại học Cần Thơ
LEADER 00797nam a2200205Ia 4500
001 CTU_139727
008 210402s9999 xx 000 0 und d
020 |c 260000 
082 |a 809 
082 |b M558/T.2 
245 0 |a 10 thế kỉ bàn luận về văn chương :T.2 
245 0 |b (Từ thế kỉ X đến nửa đầu thế kỉ XX) 
245 0 |c Phan Trọng Thưởng ... [et al.] sưu tầm, tuyển chọn và giới thiệu 
260 |a Hà Nội 
260 |b Giáo dục 
260 |c 2007 
650 |a Vietnamese literature,Văn học Việt Nam 
650 |x History and criticism,Collections,Lịch sử và phê bình,Bộ sưu tập 
904 |i Trọng Hải 
980 |a Trung tâm Học liệu Trường Đại học Cần Thơ